| 000 | 00817nam a2200229 4500 | ||
|---|---|---|---|
| 001 | 131358 | ||
| 003 | ES-MaACL | ||
| 005 | 20250712024241.0 | ||
| 007 | t| | ||
| 008 | 070214s1964 sp r ||||1| spa d | ||
| 245 | 0 | 0 |
_a25 aniversario de la paz española _b: el Gobierno informa / _c[director] Carlos Robles Piquer. |
| 260 |
_aMadrid : _b[s. n.], _c1964 ( _fImp. Héroes) |
||
| 300 |
_a4 v. ; _c25 cm. |
||
| 505 | 8 | _aContiene: t. I: Política de paz ---- t. II: Sociedad española ---- t. III: Defensa nacional ---- t. IV: Nueva economía | |
| 700 | 1 |
_aRobles Piquer, Carlos, _d1925-2018 _997951 |
|
| 740 | 0 | _aPolítica de paz. | |
| 740 | 0 | _aSociedad española. | |
| 740 | 0 | _aDefensa nacional. | |
| 740 | 0 | _aNueva economía. | |
| 852 |
_aES-MaACL _jC-52303-6 _bR.85564 |
||
| 999 |
_c131358 _d131358 |
||